| 000 | 00494ntaaa2200181 4500 | ||
|---|---|---|---|
| 003 | 01 | ||
| 005 | 20251027201558.0 | ||
| 008 | 0714s1973 ag 01 | ||
| 040 |
_aAR-BaBN _bspa _cAR-BaBN _eaacr _dRIC |
||
| 082 | _a230.0000 L54d | ||
| 100 |
_aLemaitre, Arturo Arana _914460 |
||
| 245 | _aDoctrina Cristiana; doce lecciones fundamentales. | ||
| 250 | _a2 ed. | ||
| 260 |
_aMaracaibo, Venezuela : _bLibertador, _cc1972 |
||
| 300 | _a63 p. | ||
| 650 |
_aTeología-Introducción _91055 |
||
| 942 | _cBK | ||
| 999 |
_c10410 _d10410 |
||